000 00700nam a2200205 a 4500
003 AM-YEHGA
040 _aAM-YeHGA
942 _2udc
_cBK
090 _c463193
001 000250049
005 20250618075409.0
008 030724s1926 ai 000 | arm d
041 0 _aarm
100 1 _aՍերաֆիմովիչ, Ալեքսանդր Սերաֆիմովիչ.
245 1 0 _aՊատմվածքներ /
_cԱ. Սերաֆիմովիչ; Ռուս. թարգմ.՝ Ամեռ.
260 _aՄոսկվա :
_bԽՍՀՄ ժող. կենտր. հրատ.,
_c1926.
300 _a64 էջ ;
_c20 սմ.
650 1 4 _aՌուս գրականություն
_xՊատմվածք
_94645
700 0 _aԱմեռ.
_eթարգմ.
_4trl
_925
999 _c460119
_d460119